00627 a2200181 4500010001400000020002300014035001300037037001500050082001000065245009900075260005200174270008100226300002700307500005000334700001900384700001900403700002300422 aENG-88326 c900.00a8182202019 aEN-71859 bDBAD / PUB14a305.41 aUnderstanding women behaviour/cedited by Amrita Yadava, Sushma Sharma [and] Nov Rattan Sharma aNew DelhibGlobal Vision Publishing Housec2007 aF-4, 1st Floor, `Hari Sadan' 20, Ansari Road, Daryaganj,bNew Delhie110 002 axxvi, 430p.c22cm (Hb) aIncludes bibliographical references and index aYadava, Amrita aSharma, Sushma aSharma, Nov Rattan